Logo BPK

Bibliografia Prac Pracowników

Politechniki Koszalińskiej

Księga chwały poległych Armii "Poznań" / (Rekord nr 10541)

Szczegóły MARC
000 -ETYKIETA REKORDU
podpole kontrolne o stałej długości 00729nab a22001817a 4500
001 - NUMER KONTROLNY REKORDU
podpole kontrolne 10541
003 - IDENTYFIKATOR NUMERU KONTROLNEGO REKORDU
podpole kontrolne KOSZ 005
005 - DATA OSTATNIEJ MODYFIKACJI REKORDU
podpole kontrolne 20180427120317.0
008 - POLE O STAŁEJ DŁUGOŚCI - DANE KONTROLNE
podpole kontrolne o stałej długości 180427s1985 pl ||||| |||| 00| 0pol
040 ## - ŹRÓDŁO KATALOGOWANIA
Instytucja, która utworzyła rekord BPK
Instytucja, która dokonała modyfikacji KOSZ 005/HR
080 ## - UNIWERSALNA KLASYFIKACJA DZIESIĘTNA - UKD
UKD 94(438)
100 1# - NAZWA OSOBOWA
Nazwa osobowa POLAK, Bogusław.
Lata pracy 1979 - 1996.
Instytucja Wyższa Szkoła Inżynierska w Koszalinie - Instytut Zarządzania i Marketingu,
Wydział Katedra Nauk Humanistycznych
245 10 - TYTUŁ/ODPOWIEDZIALNOŚĆ
Tytuł Księga chwały poległych Armii "Poznań" /
Pozostałe elementy strefy tytułu i oznaczenia odpowiedzialności Bogusław Polak.
500 ## - UWAGI OGÓLNE
Tekst uwagi Dane z kartoteki bpp.
650 #0 - HASŁO PRZEDMIOTOWE W FORMIE NAZWY OGÓLNEJ LUB JEDNOSTKOWEJ
Nazwa ogólna lub geograficzna Armia "Poznań".
773 0# - TYTUŁ DOKUMENTU MACIERZYSTEGO
Wyrażenie wprowadzające W :
Tytuł Nurt : miesięcznik społeczno-kulturalny. -
Adres wydawniczy Poznań : Poznańskie Wydaw. Prasowe "Prasa". -
Informacje dotyczące relacji 1985. nr 4, s. 9-12
ISSN 0137-8880
942 ## - HASŁO DODATKOWE - ELEMENTY(KOHA)
Typ dokumentu Artykuł
Schemat klasyfikacji Uniwersalna klasyfikacja dziesiętna

Brak dostępnych egzemplarzy.

© 2014 Biblioteka Politechniki Koszalińskiej :: BIBLIOGRAFIA PRAC PRACOWNIKÓW